Le Quiz des Exceptions - Statistiques

Statistiques générales
  • Ce quiz a été pris 47 fois
  • Le résultat moyen est 7 sur 14
Statistiques - réponses
Questions Réponses % Correct
Quel est le seul continent sans pays souverain ? Antarctique
85%
Quel est le seul pays francophone membre permanent du Conseil de sécurité de l'ONU ? France
80%
Quel est le seul pays d'Amérique du Sud dont la langue officielle n'est ni l'espagnol ni le portugais ? Suriname
80%
Quel est le seul jour de la semaine dont le nom français ne vient pas d'un astre ou d'un dieu romain ? Samedi
78%
Quel est le seul métal liquide à température ambiante ? Mercure
63%
Quel est le seul fleuve au monde qui coule à la fois vers le nord ET vers le sud selon ses deux bras ? Nil
61%
Quel est le seul pays d'Afrique qui n'a jamais été colonisé par une puissance européenne ? Ethiopie
59%
Quel organe (non-osseux) est le seul à pouvoir se régénérer presque entièrement chez l'adulte ? Foie
51%
Quel est le seul sport de combat individuel apparu aux Jeux olympiques modernes de 1896 et présent aux JO depuis sans interruption ? Escrime
44%
Quel mammifère est le seul capable de voler véritablement (et non simplement planer) ? Chauve-souris
41%
Quel est le seul pays d'Asie du Sud-Est à n'avoir jamais été colonisé ? Thailande
39%
Quel animal est le seul à avoir des empreintes digitales pratiquement identiques à celles de l'être humain ? Koala
12%
Quel est le seul mammifère marin à ne pas avoir de nageoire dorsale ? Narval
7%
Quel est le seul os du corps humain qui n'est articulé avec aucun autre os ? Hyoide
5%
Aucun quiz correspondant
Distribution des résultats
% des personnes avec chaque résultat
Percentile par nombre de réponses
Votre historique - résultats
Vous n’avez pas pris ce quiz